Movies Quiz

Random Movies or Actor Quiz

Disney's Beauty and the Beast Characters Quiz Stats

 Plays Quiz Updated Jan 16, 2019

Support Sporcle.
Go Orange.
Score 0/14 Timer 05:00
0 Plays Today
Voice Actor Character % Correct
Robby BensonPrince Adam the Beast
98.7%
Paige O'HaraBelle
98.3%
Bradley PierceChip
89.5%
Richard White Gaston
87.9%
Angela LansburyMrs. Potts
84.3%
Jerry OrbachLumière
75.7%
David Ogden StiersCogsworth
67.6%
Voice Actor Character % Correct
Rex EverhartMaurice
44.6%
Jesse CortiLeFou
35.2%
Hal SmithPhilippe
27.1%
Jo Anne WorleyMadame Armoire
18.3%
Kimmy RobertsonFifi
17.2%
Frank WelkerFootstool
14.4%
Brian CummingsChef Bouche
11.5%

From the Vault

Scary Baby Names

by MoMosMoProblems

We're not sure these are the best way to go, unless you want your baby to become a supervillain.
Remove Ads.
Support Sporcle.
Get the best of Sporcle when you Go Orange. This ad-free experience offers more features, more stats, and more fun while also helping to support Sporcle. Thank you for becoming a member.

Show Comments

Extras

Top Quizzes Today


Score Distribution

Your Account Isn't Verified!

In order to create a playlist on Sporcle, you need to verify the email address you used during registration. Go to your Sporcle Settings to finish the process.

Report this User

Report this user for behavior that violates our Community Guidelines.

Details: